Exergy : Energy, Environment and Sustainable Development

Uložené v:
Podrobná bibliografia
Hlavní autori: Dincer, Ibrahim (Autor), Rosen, Marc A. (Autor)
Médium: Kniha
Jazyk:English
Vydavateľské údaje: Oxford : Elsevier, 2007
Vydanie:1. vyd.
Predmet:
Tagy: Pridať tag
Žiadne tagy, Buďte prvý, kto otaguje tento záznam!

MARC

LEADER 00000nam a22000003a 4500
001 stu257512
005 20150617230213.7
008 121120s--------uk------------------eng-d
020 |a 978-0-0804-4529-8 
040 |a STU  |b slo 
041 0 |a eng 
044 |a uk 
080 |a 620.9 
100 1 |a Dincer, Ibrahim  |4 aut 
245 1 |a Exergy :  |b Energy, Environment and Sustainable Development 
250 |a 1. vyd. 
260 |a Oxford :  |b Elsevier,  |c 2007 
300 |a 454 s 
650 7 |a energia  |2 stusub 
650 7 |a enviromentalistika  |2 stusub 
700 1 |a Rosen, Marc A.  |4 aut 
996 |b 284EK89151  |c E*89151  |l EE32  |s P  |a 0  |w stu257512_0001